000
00288nam a22001337a 4500
008
180117b xxu||||| |||| 00| 0 eng d
020
_a
077731522804
041
_a
eng
080
_a
030
100
_a
23
101
_a
ENC
245
_a
FUNK NEW ENCYCLOPEDIA
_c
WORM.Z
942
_2
udc
_c
BK
999
_c
40433
_d
40433